000
00316nam a22001217a 4500
020
_a
9783639060287
082
_a
333.7317094 DEA
100
_a
Deal Brian
245
_a
Sustainable land-use planning the integration of process and technology
260
_a
Germany
_b
VDM Verlag
_c
2008
300
_a
115p
942
_c
BK
999
_c
3578
_d
3578